000 00311nam a22001337a 4500
008 170925b xxu||||| |||| 00| 0 eng d
020 _a9780536590039
041 _aeng
080 _a37
100 _a46
101 _aEDU
245 _aRACIAL&ETHNIC DIVERSITY IN HIGHER EDUCATION
_cTURNER, C
942 _2udc
_cBK
999 _c29693
_d29693